Selected issues of tax policy of the EU and its member states proceedings of abstracts
Salvato in:
| Ente Autore: | |
|---|---|
| Altri autori: | , |
| Natura: | Libro |
| Lingua: | inglese slovacco |
| Pubblicazione: |
Košice
Univerzita Pavla Jozefa Šafárika v Košiciach
2012
|
| Edizione: | 1. vyd. |
| Soggetti: | |
| Tags: |
Nessun Tag, puoi essere il primo ad aggiungerne!!
|
MARC
| LEADER | 00000nam a2200000 4500 | ||
|---|---|---|---|
| 001 | 0163722 | ||
| 005 | 20240104125544.7 | ||
| 020 | |a 978-80-7097-972-3 | ||
| 041 | 0 | |a eng | |
| 041 | 0 | |a slo | |
| 044 | |a SK | ||
| 245 | 1 | 0 | |a Selected issues of tax policy of the EU and its member states |b proceedings of abstracts |c editors Anna Románová, Karolína Červená |
| 250 | |a 1. vyd. | ||
| 264 | 1 | |a Košice |b Univerzita Pavla Jozefa Šafárika v Košiciach |c 2012 | |
| 300 | |a 86 s. | ||
| 610 | 2 | 0 | |a politika daňová |
| 610 | 2 | 0 | |a dane |
| 610 | 2 | 0 | |a Európska únia |
| 610 | 2 | 0 | |a zdanenie dvojité |
| 610 | 2 | 0 | |a dane z dedičstva |
| 610 | 2 | 0 | |a dane z hodnoty pridanej |
| 610 | 2 | 0 | |a právo daňové |
| 700 | 1 | |a Románová, Anna | |
| 700 | 1 | |a Červená, Karolína | |
| 710 | 2 | |a Univerzita Pavla Jozefa Šafárika v Košiciach. Právnická fakulta | |